01153nam a2200337 a 4500001000700000003000800007005001700015006001900032007001500051008004100066020001800107035002300125035002400148035002500172035002100197040002600218050002300244082001700267100003100284245007800315250001100393260003000404300001100434490002200445533016400467650003400631650004200665655002700707710001900734856006200753131025FlNmELB20241217180437.0m o d | cr cn|||||||||130127s2009 sp |||||s|||||||||||spa d z9788431326418 a(MiAaPQ)EBC3206676 a(Au-PeEL)EBL3206676 a(CaPaEBR)ebr10638695 a(OCoLC)929395328 aFlNmELBbspacFlNmELB 4aHQ76.25bI651 200904a616.85832221 aIrala Estévez, Jokin de.10aComprendiendo la homosexualidadh[recurso electronico] /cJokin de Irala. a2a ed. aPamplona :bEUNSA,c2009. a140 p.0 aAstrolabio. Salud aRecurso electrónico. Santa Fe, Arg.: e-libro, 2015. Disponible vía World Wide Web. El acceso puede estar limitado para las bibliotecas afiliadas a e-libro. 4aHomosexualidadxPsicología. 0aHomosexualityxPsychological aspects. 4aLibros electrónicos.2 ae-libro, Corp.40uhttps://elibro.net/ereader/politecnicointernacional/47083